Wireless security and privacy: best practices and design te (Record no. 170225)

000 -LEADER
fixed length control field 00424nam a2200133Ia 4500
008 - FIXED-LENGTH DATA ELEMENTS--GENERAL INFORMATION
fixed length control field 220217s9999||||xx |||||||||||||| ||und||
020 ## - INTERNATIONAL STANDARD BOOK NUMBER
International Standard Book Number 81-7808-862-2
082 ## - DEWEY DECIMAL CLASSIFICATION NUMBER
Classification number 621.384 5 SWA
100 ## - MAIN ENTRY--PERSONAL NAME
Personal name Swaminatha, Tara, M Elden, Charles, R
9 (RLIN) 2900
245 #0 - TITLE STATEMENT
Title Wireless security and privacy: best practices and design te
260 ## - PUBLICATION, DISTRIBUTION, ETC.
Place of publication, distribution, etc. Pearson education asia
Name of publisher, distributor, etc. Delhi
Date of publication, distribution, etc. 2003
300 ## - PHYSICAL DESCRIPTION
Other physical details 195
650 ## - SUBJECT ADDED ENTRY--TOPICAL TERM
Topical term or geographic name entry element WIRELESS COMMUNICATION
Holdings
Withdrawn status Lost status Damaged status Not for loan Collection code Home library Current library Shelving location Date acquired Full call number Barcode Date last seen Price effective from Koha item type
        Electronics and Communication Engineering Central Library Central Library Book Cart 02/18/2022 621.384 5 SWA 5414 02/18/2022 02/18/2022 Books

Powered by Koha